Statistics for Top 15 Countries with Covid-19 Deaths - 10 May

Click here to take the quiz!

General Stats

  • This quiz has been taken 23 times
  • The average score is 18 of 21

Answer Stats

country% Correct
Germany
100%
Italy
100%
Spain
100%
United Kingdom
100%
United States
100%
China
95%
Iran
95%
France
91%
Belgium
86%
Brazil
86%
Canada
86%
Switzerland
86%
Mexico
82%
Sweden
82%
Sweden
82%
Netherlands
77%
Portugal
77%
Turkey
77%
Denmark
68%
Ireland
68%
Ecuador
27%

Score Distribution

Percentile by Number Answered

Percent of People with Each Score

Your Score History

You have not taken this quiz